Postcodes of Melbourne - Statistics

General Stats
  • This quiz has been taken 20 times
  • The average score is 30 of 423
Answer Stats
Suburb Postcode % Correct
Melbourne 3000
69%
East Melbourne 3002
31%
West Melbourne 3003
31%
Docklands 3008
31%
St Albans 3021
31%
Malvern East 3145
31%
Footscray 3011
23%
Seddon 3011
23%
Yarraville 3013
23%
Newport 3015
23%
Williamstown 3016
23%
Williamstown North 3016
23%
Sunshine 3020
23%
Werribee 3030
23%
Malvern 3144
23%
Glen Iris 3146
23%
Caulfield 3162
23%
Bentleigh East 3165
23%
Bentleigh 3204
23%
South Wharf 3006
15%
Southbank 3008
15%
Kingsville 3012
15%
West Footscray 3012
15%
South Kingsville 3015
15%
Spotswood 3015
15%
Altona 3018
15%
Seaholme 3018
15%
Albion 3020
15%
Sunshine North 3020
15%
Sunshine West 3020
15%
Albanvale 3021
15%
Ardeer 3022
15%
Burnside 3023
15%
Burnside Heights 3023
15%
Caroline Springs 3023
15%
Altona Meadows 3028
15%
Hoppers Crossing 3029
15%
Tarneit 3029
15%
Cocoroc 3030
15%
Point Cook 3030
15%
Werribee South 3030
15%
Maribyrnong 3032
15%
Delahey 3037
15%
Sydenham 3037
15%
Taylors Hill 3037
15%
Taylors Lakes 3038
15%
Northcote 3070
15%
Thornbury 3071
15%
Preston 3072
15%
Reservoir 3073
15%
Kew East 3102
15%
Balwyn 3103
15%
Camberwell 3124
15%
Canterbury 3126
15%
Mont Albert 3127
15%
Box Hill 3128
15%
Box Hill South 3128
15%
Box Hill North 3129
15%
Mont Albert North 3129
15%
Armadale 3143
15%
Caulfield East 3145
15%
Ashwood 3147
15%
Chadstone 3148
15%
Mount Waverley 3149
15%
Ferntree Gully 3156
15%
Upper Ferntree Gully 3156
15%
Caulfield North 3161
15%
Caulfield South 3162
15%
Glen Huntly 3163
15%
Hughesdale 3166
15%
Huntingdale 3166
15%
Oakleigh East 3166
15%
Oakleigh South 3167
15%
Clayton 3168
15%
Clayton South 3169
15%
Doveton 3177
15%
Prahran 3181
15%
Balaclava 3183
15%
St Kilda East 3183
15%
Moorabbin 3189
15%
Cheltenham 3192
15%
Aspendale Gardens 3195
15%
Carrum Downs 3201
15%
Ormond 3204
15%
South Melbourne 3205
15%
Pakenham 3810
15%
Pakenham Upper 3810
15%
Brooklyn 3012
8%
Maidstone 3012
8%
Tottenham 3012
8%
Braybrook 3019
8%
Cairnlea 3023
8%
Deer Park 3023
8%
Altona North 3025
8%
Derrimut 3026
8%
Laverton North 3026
8%
Williams Landing 3027
8%
Laverton 3028
8%
Seabrook 3028
8%
Truganina 3029
8%
Kensington 3031
8%
Ascot Vale 3032
8%
Travancore 3032
8%
Keilor 3036
8%
Keilor North 3036
8%
Calder Park 3037
8%
Hillside 3037
8%
Keilor Lodge 3038
8%
Moonee Ponds 3039
8%
Aberfeldie 3040
8%
Essendon West 3040
8%
Essendon 3040
8%
Essendon Fields 3041
8%
Essendon North 3041
8%
Airport West 3042
8%
Niddrie 3042
8%
Tullamarine 3043
8%
Pascoe Vale South 3044
8%
Pascoe Vale 3044
8%
Glenroy 3046
8%
Dallas 3047
8%
Jacana 3047
8%
Westmeadows 3049
8%
North Melbourne 3051
8%
Parkville 3052
8%
Carlton 3053
8%
Carlton North 3054
8%
Princes Hill 3054
8%
Brunswick West 3055
8%
Brunswick 3056
8%
Brunswick East 3057
8%
Coburg North 3058
8%
Fawkner 3060
8%
Craigieburn 3064
8%
Fitzroy 3065
8%
Abbotsford 3067
8%
Clifton Hill 3068
8%
Fitzroy North 3068
8%
Thomastown 3074
8%
Lalor 3075
8%
Epping 3076
8%
Fairfield 3078
8%
Ivanhoe 3079
8%
Ivanhoe East 3079
8%
Heidelberg Heights 3081
8%
Heidelberg West 3081
8%
Bundoora 3083
8%
Heidelberg 3084
8%
Rosanna 3084
8%
Viewbank 3084
8%
Macleod 3085
8%
Greensborough 3088
8%
Eltham 3095
8%
Eltham North 3095
8%
Kew 3101
8%
Balwyn North 3104
8%
Templestowe 3106
8%
Templestowe Lower 3107
8%
Doncaster 3108
8%
Doncaster East 3109
8%
Donvale 3111
8%
Burnley 3121
8%
Cremorne 3121
8%
North Richmond 3121
8%
Richmond 3121
8%
Hawthorn 3122
8%
Auburn 3123
8%
Hawthorn East 3123
8%
Burwood 3125
8%
Surrey Hills 3127
8%
Blackburn 3130
8%
Blackburn North 3130
8%
Blackburn South 3130
8%
Laburnum 3130
8%
Forest Hill 3131
8%
Nunawading 3131
8%
Mitcham 3132
8%
Ringwood 3134
8%
Ringwood North 3134
8%
Ringwood East 3135
8%
Croydon 3136
8%
Croydon Hills 3136
8%
Croydon North 3136
8%
Croydon South 3136
8%
Lilydale 3140
8%
South Yarra 3141
8%
Toorak 3142
8%
Kooyong 3144
8%
Ashburton 3147
8%
Syndal 3149
8%
Glen Waverley 3150
8%
Wheelers Hill 3150
8%
Burwood East 3151
8%
Wantirna 3152
8%
Wantirna South 3152
8%
Bayswater 3153
8%
Bayswater North 3153
8%
The Basin 3154
8%
Belgrave 3160
8%
Belgrave Heights 3160
8%
Belgrave South 3160
8%
Carnegie 3163
8%
Oakleigh 3166
8%
Notting Hill 3168
8%
Clarinda 3169
8%
Mulgrave 3170
8%
Springvale 3171
8%
Springvale South 3172
8%
Keysborough 3173
8%
Noble Park 3174
8%
Noble Park North 3174
8%
Dandenong 3175
8%
Dandenong North 3175
8%
Dandenong South 3175
8%
Rowville 3178
8%
Scoresby 3179
8%
Windsor 3181
8%
St Kilda 3182
8%
St Kilda West 3182
8%
Elwood 3184
8%
Elsternwick 3185
8%
Gardenvale 3185
8%
Ripponlea 3185
8%
Brighton 3186
8%
Brighton East 3187
8%
Hampton 3188
8%
Hampton East 3188
8%
Highett 3190
8%
Sandringham 3191
8%
Beaumaris 3193
8%
Black Rock 3193
8%
Mentone 3194
8%
Aspendale 3195
8%
Mordialloc 3195
8%
Bonbeach 3196
8%
Chelsea 3196
8%
Chelsea Heights 3196
8%
Edithvale 3196
8%
Carrum 3197
8%
Frankston 3199
8%
Frankston South 3199
8%
Karingal 3199
8%
Frankston North 3200
8%
McKinnon 3204
8%
Albert Park 3206
8%
Middle Park 3206
8%
Port Melbourne 3207
8%
Fraser Rise 3336
8%
Melton 3337
8%
Sunbury 3429
8%
Narre Warren North 3804
8%
Narre Warren South 3805
8%
Narre Warren 3805
8%
Berwick 3806
8%
Officer 3809
8%
Officer South 3809
8%
Langwarrin 3910
8%
Langwarrin South 3911
8%
McCrae 3938
8%
Rosebud 3939
8%
Capel Sound 3940
8%
Rye 3941
8%
Tootgarook 3941
8%
Botanic Ridge 3977
8%
Cranbourne 3977
8%
Cranbourne East 3977
8%
Cranbourne North 3977
8%
Cranbourne South 3977
8%
Cranbourne West 3977
8%
Junction Village 3977
8%
Clyde 3978
8%
Clyde North 3978
8%
Kealba 3021
0%
Kings Park 3021
0%
Ravenhall 3023
0%
Manor Lakes 3024
0%
Wyndham Vale 3024
0%
Flemington 3031
0%
Keilor East 3033
0%
Avondale Heights 3034
0%
Keilor Downs 3038
0%
Strathmore 3041
0%
Strathmore Heights 3041
0%
Keilor Park 3042
0%
Gladstone Park 3043
0%
Gowanbrae 3043
0%
Melbourne Airport 3045
0%
Hadfield 3046
0%
Oak Park 3046
0%
Broadmeadows 3047
0%
Coolaroo 3048
0%
Attwood 3049
0%
Meadow Heights 3049
0%
Coburg 3058
0%
Greenvale 3059
0%
Campbellfield 3061
0%
Somerton 3062
0%
Oaklands Junction 3063
0%
Yuroke 3063
0%
Donnybrook 3064
0%
Kalkallo 3064
0%
Mickleham 3064
0%
Roxburgh Park 3064
0%
Collingwood 3066
0%
Alphington 3078
0%
Bellfield 3081
0%
Mill Park 3082
0%
Kingsbury 3083
0%
Eaglemont 3084
0%
Yallambie 3085
0%
Watsonia 3087
0%
Watsonia North 3087
0%
Briar Hill 3088
0%
St Helena 3088
0%
Diamond Creek 3089
0%
Plenty 3090
0%
Yarrambat 3091
0%
Lower Plenty 3093
0%
Montmorency 3094
0%
Research 3095
0%
Wattle Glen 3096
0%
Kangaroo Ground 3097
0%
Hurstbridge 3099
0%
Bulleen 3105
0%
North Warrandyte 3113
0%
Warrandyte 3113
0%
Park Orchards 3114
0%
Wonga Park 3115
0%
Chirnside Park 3116
0%
Vermont 3133
0%
Vermont South 3133
0%
Warrandyte South 3134
0%
Warranwood 3134
0%
Heathmont 3135
0%
Kilsyth 3137
0%
Kilsyth South 3137
0%
Mooroolbark 3138
0%
Seville 3139
0%
Seville East 3139
0%
Wandin North 3139
0%
Boronia 3155
0%
Lysterfield 3156
0%
Lysterfield South 3156
0%
Upwey 3158
0%
Menzies Creek 3159
0%
Selby 3159
0%
Tecoma 3160
0%
Dingley Village 3172
0%
Bangholme 3175
0%
Eumemmerring 3177
0%
Knoxfield 3180
0%
Moorabbin Airport 3194
0%
Parkdale 3194
0%
Braeside 3195
0%
Waterways 3195
0%
Patterson Lakes 3197
0%
Seaford 3198
0%
Heatherton 3202
0%
Plumpton 3335
0%
Rockbank 3335
0%
Thornhill Park 3335
0%
Aintree 3336
0%
Deanside 3336
0%
Harkness 3337
0%
Kurunjang 3337
0%
Melton West 3337
0%
Brookfield 3338
0%
Cobblebank 3338
0%
Melton South 3338
0%
Diggers Rest 3427
0%
Bulla 3428
0%
Wildwood 3429
0%
Wollert 3750
0%
South Morang 3752
0%
Doreen 3754
0%
Mernda 3754
0%
Montrose 3765
0%
Kalorama 3766
0%
Mount Dandenong 3767
0%
Coldstream 3770
0%
Avonsleigh 3782
0%
Clematis 3782
0%
Emerald 3782
0%
Macclesfield 3782
0%
Tremont 3785
0%
Ferny Creek 3786
0%
Sassafras 3787
0%
Olinda 3788
0%
Sherbrooke 3789
0%
Kallista 3791
0%
The Patch 3792
0%
Monbulk 3793
0%
Silvan 3795
0%
Mount Evelyn 3796
0%
Endeavour Hills 3802
0%
Hallam 3803
0%
Narre Warren East 3804
0%
Harkaway 3806
0%
Beaconsfield 3807
0%
Guys Hill 3807
0%
Baxter 3911
0%
Pearcedale 3912
0%
Somerville 3912
0%
Tyabb 3913
0%
Hastings 3915
0%
Bittern 3918
0%
Crib Point 3919
0%
Mount Eliza 3930
0%
Mornington 3931
0%
Moorooduc 3933
0%
Mount Martha 3934
0%
Arthurs Seat 3936
0%
Dromana 3936
0%
Safety Beach 3936
0%
Blairgowrie 3942
0%
Sorrento 3943
0%
Portsea 3944
0%
Lynbrook 3975
0%
Lyndhurst 3975
0%
Hampton Park 3976
0%
Devon Meadows 3977
0%
Sandhurst 3977
0%
Skye 3977
0%
No matching quizzes found
Score Distribution
Percent of People with Each Score
Percentile by Number Answered
Your Score History
You have not taken this quiz